| 000 | 01808nam0a2200349 i 4500 | ||
|---|---|---|---|
| 001 | RU\NLR\bibl\1920989 | ||
| 005 | 20260406062908.0 | ||
| 010 |
_a9785905064227 _9500 |
||
| 021 |
_aRU _b2012-42777 _93164 |
||
| 035 | _a(nilc)RSL-KNO-005451036 | ||
| 035 | _a(NLR Aleph) 001910445 | ||
| 090 |
_a3168872 _c3168872 |
||
| 100 | _a20120618d2012 u y0rusy50 ca | ||
| 101 | 0 | _arus | |
| 102 | _aRU | ||
| 105 | _ay ||||||||| | ||
| 200 | 1 |
_aПреосвященный Александр (Кульчицкий), православный миссионер, (1826-1888) _eжизнеописание _fмитрополит Астанайский и Казахстанский Александр (Могилёв) |
|
| 210 |
_aМосква _cНаша Родина _d2012 |
||
| 215 |
_a301, [1] с. _cцв. ил., карта, портр. _d25 |
||
| 320 | _aБиблиогр. в примеч. | ||
| 600 | 0 |
_aАлександр _cКульчицкий, Андрей Иванович _cепископ Костромский и Галицкий _fок. 1823 - 1888 _92129578 _3RU\NLR\auth\661588922 |
|
| 686 |
_aЭ372.24-637.21-350.8Александр,0 _2rubbk |
||
| 686 | _aЭ372.24-35-028 | ||
| 700 | 0 |
_4070 _8rus _7ca _aАлександр _cМогилев, Александр Геннадьевич _cмитрополит Астанайский и Казахстанский _f1957- _3RU\NLR\AUTH\7713034 _9122740 |
|
| 702 | 0 |
_4570 _8rus _7ca _aАлександр _cКульчицкий, Андрей Иванович _cепископ Костромской и Галичский _fок.1823-1888 _3RU\NLR\AUTH\77108531 _991456 |
|
| 801 | 0 |
_aRU _bRuMoRKP _c20120618 _grcr |
|
| 801 | 1 |
_aRU _bРГБ _c20120618 |
|
| 801 | 2 |
_aRU _bNLR _c20120705 _grcr |
|
| 942 | _cBOOK | ||
| 980 | _aNBR | ||